| 000 | 00914nam a2200289 a 4500 | ||
|---|---|---|---|
| 001 | vtls001356978 | ||
| 003 | NLI | ||
| 005 | 20210627045411.0 | ||
| 008 | 120625s1981 dcu f000 0 eng | ||
| 039 | 9 |
_y201206251814 _zVLOAD |
|
| 040 |
_aNLI _beng _cDatasoft_FOD_6 _eAACR2 |
||
| 041 | 0 | _aeng | |
| 044 | _a dcu | ||
| 082 | 0 | 4 | _a 387.740440202 |
| 110 | 1 |
_aUnited State. _bDepartment of Transportation _9738033 |
|
| 245 | 1 | 0 |
_aDiamond interchange program / _cUnited State, Department of Transportation |
| 260 |
_aWashington, D.C. : _bThe Department, _c1981 |
||
| 300 |
_aii, 81 p. ; _c28 cm. |
||
| 650 | 0 |
_aAirplanes _xOperation _9738521 |
|
| 650 | 0 |
_aTransportation services _xAircraft _9738522 |
|
| 887 | _a | ||
| 901 |
_aAD 124353 _b26.10.2010 _91981 |
||
| 902 | _aU.S 387.740440202 Un 3 | ||
| 904 | _lH 588. | ||
| 949 |
_AVIRTUAITEM _D10002 _X100 _6FOD000124353ENG _91981 |
||
| 942 |
_2ddc _cBKS |
||
| 999 |
_aVIRTUA40 _c611925 _d611925 |
||